[Event "Wch U10 Girls"]
[Site "Montesilvano"]
[Date "2024.11.24"]
[Round "9"]
[White "Nguyen, Lam Vy Le"]
[Black "Mohamed Ahmed, Ghidaa"]
[Result "1/2-1/2"]
[WhiteElo "1728"]
[BlackElo "1638"]
[PlyCount "64"]
[EventDate "2024.11.15"]
[EventType "swiss"]
[EventRounds "11"]
[EventCountry "ITA"]
[SourceTitle "CB48_2024"]
[SourceDate "2024.11.28"]
[SourceVersion "1"]
[SourceVersionDate "2024.11.28"]
[SourceQuality "1"]

1. e4 e5 2. Nf3 d6 3. d4 exd4 4. Nxd4 Nf6 5. Nc3 Be7 6. g3 h6 7. Bg2 0-0 8. 0-0 Re8 9. h3 Nbd7 10. Bf4 Nf8 11. Qd2 Ng6 12. Rad1 Nxf4 13. Qxf4 Bf8 14. Rfe1 Nd7 15. Nf3 Qf6 16. Nd5 Qd8 17. g4 c6 18. Nc3 Qf6 19. Qg3 Ne5 20. Nxe5 Qxe5 21. Qxe5 dxe5 22. Rd3 Be6 23. Red1 Be7 24. Kh2 Rad8 25. Kg3 Rxd3+ 26. Rxd3 Rd8 27. Rxd8+ Bxd8 28. f4 exf4+ 29. Kxf4 Bc7+ 30. Ke3 Kf8 31. Bf1 Ke7 32. Na4 Bh2 1/2-1/2

[Event "Wch U10 Girls"]
[Site "Montesilvano"]
[Date "2024.11.20"]
[Round "6"]
[White "Mohamed Ahmed, Ghidaa"]
[Black "Isakhanyan, Nare"]
[Result "0-1"]
[WhiteElo "1638"]
[BlackElo "1540"]
[PlyCount "75"]
[EventDate "2024.11.15"]
[EventType "swiss"]
[EventRounds "11"]
[EventCountry "ITA"]
[SourceTitle "CB48_2024"]
[SourceDate "2024.11.28"]
[SourceVersion "1"]
[SourceVersionDate "2024.11.28"]
[SourceQuality "1"]

1. e4 c6 2. d4 d5 3. Nd2 dxe4 4. Nxe4 Nd7 5. Nf3 Ngf6 6. Nxf6+ Nxf6 7. h3 Bf5 8. Bd3 Bxd3 9. Qxd3 e6 10. c3 Be7 11. 0-0 0-0 12. Be3 Nd5 13. Rad1 Qb6 14. Rd2 h6 15. Re1 Rfd8 16. Qc2 Rac8 17. Qd1 c5 18. a4 Nxe3 19. Rxe3 cxd4 20. cxd4 Bf6 21. Rc3 Rxc3 22. bxc3 Rc8 23. Qa1 Qa5 24. Rd3 Rc4 25. Qb2 Qc7 26. Qb3 Qc6 27. Qb5 Rxa4 28. Qb1 Qa6 29. Rd1 Qc6 30. Qb3 Rc4 31. Rd3 Qc7 32. Nd2 Rc6 33. Ne4 Be7 34. Rg3 a5 35. Qa4 Qb6 36. Qa2 Qb5 37. Nd2 Qe2 38. Qb1 0-1

[Event "Wch U10 Girls"]
[Site "Montesilvano"]
[Date "2024.11.18"]
[Round "4"]
[White "Mohamed Ahmed, Ghidaa"]
[Black "Zhumambayeva, Aliya"]
[Result "0-1"]
[WhiteElo "1638"]
[BlackElo "1607"]
[PlyCount "150"]
[EventDate "2024.11.15"]
[EventType "swiss"]
[EventRounds "11"]
[EventCountry "ITA"]
[SourceTitle "CB48_2024"]
[SourceDate "2024.11.28"]
[SourceVersion "1"]
[SourceVersionDate "2024.11.28"]
[SourceQuality "1"]

1. e4 e5 2. Nf3 Nc6 3. Bc4 Bc5 4. d3 d6 5. c3 Nf6 6. Nbd2 a6 7. a4 Ba7 8. 0-0 0-0 9. b4 Bg4 10. Re1 Qe7 11. Nf1 Bh5 12. Be3 Rfe8 13. Bxa7 Nxa7 14. Ng3 Bg6 15. Qc2 c6 16. Rad1 Qc7 17. h3 d5 18. Bb3 Rad8 19. Qc1 h6 20. c4 dxe4 21. dxe4 c5 22. Qe3 b6 23. bxc5 bxc5 24. Bc2 Nc8 25. Rd3 Rxd3 26. Bxd3 Nd6 27. Nd2 Qc6 28. Bc2 Nd7 29. a5 f6 30. f3 Bf7 31. Qc3 Rb8 32. Rb1 Rxb1+ 33. Bxb1 Kf8 34. Bd3 Nb7 35. Qa3 Qc7 36. Nb3 Qd6 37. Be2 Be6 38. Qc1 Nb8 39. Qa3 Nc6 40. Kh2 Nd4 41. Nxd4 exd4 42. Qb3 Nxa5 43. Qa4 Qb6 44. Nh5 Qb4 45. Qa2 Qc3 46. Nf4 Bf7 47. Qa4 Be8 48. Qa2 Bf7 49. Qa4 Ke7 50. Bf1 Qd2 51. Nd5+ Bxd5 52. exd5 Qf4+ 53. Kg1 Qc7 54. Bd3 Nb7 55. Qxa6 Nd6 56. Qa2 Qb7 57. Qe2+ Kf8 58. Qe6 Qe7 59. Qxe7+ Kxe7 60. Kf2 Kd7 61. g4 g5 62. Ke2 Kc7 63. Kd2 Nb7 64. Kc2 Nd8 65. Bg6 Nb7 66. Be4 Nd6 67. Kd3 Nf7 68. Kc2 Ne5 69. Kb3 Kd6 70. Ka4 Nxc4 71. Kb5 Ne3 72. Ka4 Nxd5 73. Bd3 Nf4 74. Bf1 Kd5 75. Kb5 d3 0-1

[Event "Wch U08 Girls"]
[Site "Sharm El Sheikh"]
[Date "2023.10.18"]
[Round "3"]
[White "Attieh, Skye"]
[Black "Mohamed Ahmed, Ghidaa"]
[Result "1-0"]
[WhiteElo "1435"]
[BlackElo "1182"]
[PlyCount "47"]
[EventDate "2023.10.16"]
[EventType "swiss"]
[EventRounds "11"]
[EventCountry "EGY"]
[SourceTitle "EXT 2025"]
[Source "ChessBase"]
[SourceDate "2024.10.14"]
[SourceVersion "1"]
[SourceVersionDate "2024.10.14"]
[SourceQuality "1"]

1. e4 e5 2. Nf3 d6 3. d4 exd4 4. Nxd4 Be7 5. Bc4 Nf6 6. Nc3 h6 7. h3 a5 8. Be3 c6 9. a4 Bd7 10. 0-0 0-0 11. Qd2 c5 12. Nde2 Bc6 13. Ng3 Nbd7 14. Bxh6 Ne5 15. Qg5 Ne8 16. Qh5 Nxc4 17. Nf5 Bf6 18. f4 Nxb2 19. Rf3 Bd7 20. Bxg7 Bxg7 21. Nh6+ Bxh6 22. Qxh6 Nf6 23. Rg3+ Bg4 24. Nd5 1-0